000 01206nab a2200217 i 4500
001 768714001
003 CO-MdFUSB
005 20240531062753.0
008 220916s2015 -us||||| |||| 00| 0 eng d
022 _a16698649
040 _beng
_cCO-MdFUSB
_dCO-MdFUSB
041 _aeng
100 _aPadilla DeBorst, Ruth,
_eautor
245 _aWhat Does Not Change: Hope-filled Presence
_c/ Ruth Padilla DeBorst
300 _aVolumen 10, número 1 (2015), páginas: 21-34
_c; 23 cm
520 _aEste artículo pertenece a una edición que examina el cristianismo y la teología de América Latina en Norte América. Ruth entreteje hábilmente las Escrituras del Antiguo Testamento con un llamado a que respondamos a los múltiples cambios que nos rodean en Norte América. Luego, ella explora la riqueza y el desafío de los tres componentes que forman el nombre de la organización Fraternidad teológica Latinoamericana.
610 0 _aFraternidad Teológica Latinoamericana,
650 7 _aCristianismo
_2
_922
773 0 _049416
_981284
_d Santiago de Chile
_oR1732
_tJournal of Latin American Theology :
_w(CO-MdFUSB)118
_x1669-8949
_gVolumen 10, número 1 (2015), páginas: 21-34
_qpáginas 21
942 _cANA
999 _c68161
_d68161